Writing a report

Bibliographic Details
Main Author: Fletcher, John (Author)
Format: Book
Language:English
Published: Petaling Jaya : Pelanduk Publications 1996
Subjects:

MARC

LEADER 00000cam a2200000 7i4500
001 0000006558
005 20241001.0
008 000209 my a eng
020 |a 9679782395 (pbk) 
040 |a INS   |b eng   |e rda 
090 0 0 |a PE1475   |b .F6121 1996 
100 1 |a Fletcher, John ,   |e author 
245 1 0 |a Writing a report   |c John Fletcher 
264 1 |a Petaling Jaya :   |b Pelanduk Publications   |c 1996 
264 4 |c ©1996 
300 |a viii, 68 pages :   |b illustrations ;   |c 22 cm. 
336 |a text  |2 rdacontent 
337 |a unmediated  |2 rdamedia 
338 |a volume  |2 rdacarrier 
500 |a Includes index 
650 0 |a Report Writing 
999 |a 0000007583   |b BOOK   |c Open Shelf   |e Default branch